000 00401nam a2200169Ia 4500
008 210210b1918 xxu||||| |||| 00| 0 eng d
041 _aeng
082 _a825/508
100 _aKRUTCH (J W)
245 _aHenry david thoreau
260 _aLondon
_bMethuen and Company Limited
_c1918
650 _athoreau
650 _aHenry
650 _adavid
690 _aEnglish Criticism
906 _a014824
999 _c134048
_d134048